000 nam a22 a 4500
999 _c3147
_d3147
005 20170519153519.0
008 170519s2000 us ||||| |||| 00| 0 eng d
020 _a9781560525837
040 _aAKMAL
082 _a658.31124 FIT
090 _a658.31124
_bFIT
100 1 _aFitzwater, Terry L.
_96501
245 1 0 _aBehavior-based interviewing :
_bselecting the right person for the job /
_cTerry L. Fitzwater.
260 _aMenlo Park, Calif. :
_b Crisp Learning,
_c c2000.
300 _avi, 112 p.
_b ill. ;
_c26cm
490 1 _aA Fifty-Minute series book
504 _aIncludes bibliographical references (p. 110).
650 0 _a Employment interviewing.
_96495
650 0 _aJob hunting.
_96502
830 0 _aFifty-Minute series.
_91134
942 _2ddc
_cBOOK